Animes en images 2 - Statistiques

Statistiques générales
  • Ce quiz a été pris 80 fois
  • Le résultat moyen est 9 sur 24
Statistiques - réponses
Par images Réponse % Correct
Your lie in april
81%
Hunter x Hunter
78%
Erased
67%
Food Wars
52%
Dr Stone
51%
Bunny Girl senpai
48%
Hell's Paradise
46%
Oshi no ko
46%
Darling in the Franxx
43%
Kuroko's Basket
42%
Grand Blue
40%
Ousama ranking
40%
Sakamoto Days
39%
Another
37%
Frieren
33%
Call of the night
31%
Konosuba
31%
Orange
28%
Jojo's bizarre adventure
25%
Akame ga Kill
15%
Great Pretender
7%
Astra lost in space
6%
The ancient magnus bride
6%
Bucket list of the Dead
4%
Aucun quiz correspondant
Distribution des résultats
% des personnes avec chaque résultat
Percentile par nombre de réponses
Votre historique - résultats
Vous n’avez pas pris ce quiz